|
|
|
|
| LEADER |
00757cam a2200229 7i4500 |
| 001 |
0000036949 |
| 005 |
20221103090000.0 |
| 008 |
220914t2022 eng |
| 020 |
# |
# |
|a 9780300259698
|
| 040 |
# |
# |
|a MATR
|
| 090 |
0 |
# |
|a B 658.4092
|b MOO
|
| 100 |
1 |
# |
|a Moore, Don A
|e author
|
| 245 |
1 |
0 |
|a Decision Leadership :
|b Empowering Others to Make Better Choices
|c Don A. Moore and Max H. Bazerman.
|
| 264 |
# |
1 |
|a New Haven:
|b Yale University Press,
|c 2022.
|
| 300 |
# |
# |
|a x, 250 pages:
|b illustrations;
|c 23 cm.
|
| 336 |
# |
# |
|a text
|2 rdacontent
|
| 337 |
# |
# |
|a unmediated
|2 rdamedia
|
| 338 |
# |
# |
|a volume
|2 rdacarrier
|
| 650 |
# |
0 |
|a Leadership
|
| 650 |
# |
0 |
|a Decision making
|
| 700 |
0 |
# |
|a Bazerman, Max H.
|
| 999 |
|
|
|a B000041929
|b Book
|c Book
|e Business Information Centre
|